Citation d'animés - Statistiques

Statistiques générales
  • Ce quiz a été pris 165 fois
  • Le résultat moyen est 4 sur 10
Statistiques - réponses
Hint Réponse % Correct
On est à .........., la guilde qui ne connait pas le sens du mot stop ! Fairy Tail
89%
On ne devient pas super parce qu'on est un héro... On devient un héro parce qu'on est super ! My Hero Academia
86%
Si j'ignore un ami alors que j'ai la capacité de l'aider, ne l'ai je pas déjà trahi? Hunter x Hunter
52%
Je serais l'ombre de ta lumière Kuroko no Basket
52%
Ne déçoit personne, et surtout pas toi-même Attaque des Titans
50%
Ne pas avoir peur est peut-être la chose la plus terrifiante qui soit Assassination Classroom
32%
J'ai appris que le courage n'est pas l'absence de peur, mais la capacité de vaincre Sword Art Online
13%
La liberté est si belle, mais si cruelle The Promised Neverland
11%
Un voyage n'a rien d'intéressant quand on en connaît déjà la destination Food Wars
6%
Vous ne pourrez tromper personne si vous n'êtes pas prêt à verser votre propre sang Gambling School
4%
Aucun quiz correspondant
Distribution des résultats
% des personnes avec chaque résultat
Percentile par nombre de réponses
Votre historique - résultats
Vous n’avez pas pris ce quiz